figure out the lana del rey song pt 2 - Statistics

General Stats
  • This quiz has been taken 153 times
  • The average score is 193 of 268
Answer Stats
Answer % Correct
i
99%
yo
99%
a
97%
you
97%
love
92%
me
91%
and
90%
the
90%
it
86%
to
85%
your
85%
he
83%
we
83%
like
80%
for
79%
when
79%
youre
79%
that
78%
but
77%
can
77%
do
77%
my
77%
of
77%
who
77%
are
76%
where
76%
im
75%
is
75%
was
74%
go
73%
on
73%
they
72%
time
71%
all
70%
hear
70%
his
70%
were
70%
kiss
69%
la
69%
cause
68%
with
68%
could
66%
felt
66%
know
66%
ultraviolence
66%
dont
65%
hit
65%
used
65%
back
64%
first
64%
forever
64%
last
64%
up
64%
white
64%
call
63%
told
63%
DN
61%
give
61%
poison
61%
true
61%
filled
60%
him
60%
beauty
59%
deadly
59%
jim
59%
never
59%
new
59%
sirens
59%
stood
59%
violins
59%
blessed
58%
loving
58%
this
58%
leader
57%
singer
57%
then
57%
york
57%
jazz
56%
rage
56%
soy
56%
cult
55%
nightshade
55%
raised
55%
right
55%
hard
54%
kids
54%
lines
54%
enough
53%
really
53%
ivy
52%
anything
51%
beside
50%
comprende
50%
died
50%
hurt
50%
babe
49%
heaven
49%
mis
48%
princesa
48%
taught
47%
brought
46%
couldve
46%
reminded
46%
will
43%
woodstock
43%
earth
40%
gold
36%
lemonade
36%
union
36%
tears
35%
crying
34%
No matching quizzes found
Score Distribution
Percent of People with Each Score
Percentile by Number Answered
Your Score History
You have not taken this quiz